Brawl Stars World Finals 2023 - Teams - Statistics

General Stats
  • This quiz has been taken 93 times
  • The average score is 6 of 12
Answer Stats
Place Region Answer % Correct
1st EU ZETA DIVISION
95%
3rd-4th EU SK Gaming
73%
5th-8th NA Tribe Gaming
73%
2nd NA STMN Esports
64%
3rd-4th AS Crazy Raccoon
61%
9th-12th EU FUT Esports
59%
5th-8th EU Totem Esports
57%
5th-8th NA Luminosity Gaming
48%
9th-12th EU Natus Vincere
39%
9th-12th AS BC* Gaming
31%
5th-8th IN Revenant Esports
27%
9th-12th SA Nouns Esports
23%
No matching quizzes found
Score Distribution
Percent of People with Each Score
Percentile by Number Answered
Your Score History
You have not taken this quiz